[Event "EU-Cup Online Gr-G"]
[Site "Tornelo INT"]
[Date "2021.03.28"]
[Round "8.4"]
[White "Benezra, Amos"]
[Black "Ozata, Doruk"]
[Result "1-0"]
[WhiteElo "1929"]
[BlackElo "1646"]
[PlyCount "67"]
[EventDate "2021.03.27"]
[EventType "team-tourn (rapid)"]
[EventRounds "9"]
[EventCountry "NET"]
[SourceTitle "CBM 201 Extra"]
[Source "ChessBase"]
[SourceDate "2021.05.31"]
[SourceVersion "1"]
[SourceVersionDate "2021.05.31"]
[SourceQuality "1"]
[WhiteTeam "Aix en Provence"]
[BlackTeam "CS CC"]
[WhiteTeamCountry "FRA"]
[BlackTeamCountry "TUR"]

1. e4 c5 2. Nf3 Nc6 3. Bb5 d6 4. Bxc6+ bxc6 5. b3 e5 6. Bb2 Nf6 7. d3 Be7 8. 0-0 0-0 9. Re1 h6 10. c3 Bg4 11. d4 c4 12. Nbd2 cxb3 13. Qxb3 Rb8 14. Qc2 Qc7 15. dxe5 dxe5 16. c4 Bd6 17. c5 Bxc5 18. Bxe5 Qb6 19. Nc4 Qa6 20. Bxb8 Rxb8 21. Nce5 Bxf3 22. Nxf3 Ba3 23. Rab1 Rd8 24. e5 Nd5 25. e6 fxe6 26. Rxe6 Bd6 27. Qb3 Rb8 28. Qc2 Rd8 29. Rd1 Qc8 30. Qf5 Rf8 31. Qe4 Nc3 32. Qc4 Nxd1 33. Rxd6+ Kh8 34. Rxd1 1-0

[Event "Vaujany op-A 8th"]
[Site "Vaujany"]
[Date "2017.07.20"]
[Round "8.17"]
[White "Kantzer, Romain"]
[Black "Benezra, Amos"]
[Result "1-0"]
[WhiteElo "1846"]
[BlackElo "1907"]
[PlyCount "47"]
[EventDate "2017.07.13"]
[EventType "swiss"]
[EventRounds "9"]
[EventCountry "FRA"]
[SourceTitle "EXT 2020"]
[Source "ChessBase"]
[SourceDate "2019.10.17"]
[SourceVersion "1"]
[SourceVersionDate "2019.10.17"]
[SourceQuality "1"]

1. d4 Nf6 2. Bf4 d6 3. e3 g6 4. Be2 Bg7 5. Nf3 0-0 6. 0-0 c5 7. c3 Nc6 8. Nbd2 Be6 9. Ng5 cxd4 10. Nxe6 fxe6 11. exd4 Kh8 12. Bg3 Nd5 13. Bg4 e5 14. dxe5 Nxe5 15. Bxe5 Bxe5 16. Nf3 Nf6 17. Ng5 Qa5 18. Ne6 Nxg4 19. Qxg4 Rf6 20. f4 Qd5 21. Ng5 h5 22. Qh4 Raf8 23. fxe5 Qc5+ 24. Qd4 1-0